The global challenge : frameworks for international human resource management

Αποθηκεύτηκε σε:
Λεπτομέρειες βιβλιογραφικής εγγραφής
Κύριος συγγραφέας: Evans, Paul 1943-
Άλλοι συγγραφείς: Pucik, Vladimir, Barsoux, Jean-Louis
Μορφή: Βιβλίο
Γλώσσα:English
Δημοσίευση: Boston : McGraw-Hill, 2006
Θέματα:
Ετικέτες: Προσθήκη ετικέτας
Δεν υπάρχουν, Καταχωρήστε ετικέτα πρώτοι!

MARC

LEADER 00000nam a2200000 i 4500
001 1/49400
008 070911s2006 eng d
020 |a 978-007-125704-6 (pbk.) 
020 |a 007-125704-4 (pbk.) 
035 |l 10089176 
040 |a GR-MY-UA  |b gre  |e aacr 
041 0 |a eng 
082 0 |a 658.3  |2 (22) 
100 1 |a Evans, Paul  |d 1943- 
245 1 4 |a The global challenge :  |b frameworks for international human resource management /  |c Paul Evans, Vladimir Pucik, Jean-Louis Barsoux 
260 |a Boston :   |b McGraw-Hill,   |c 2006 
300 |a xx, 554 σ.;  |c 24 εκ. 
500 |a International edition 
504 |a Περιλαμβάνει βιβλιογραφία και ευρετήριο 
650 0 0 |a International business enterprises  |x Personnel management. 
700 1 |a Pucik, Vladimir. 
700 1 |a Barsoux, Jean-Louis. 
852 |a INST  |b CHIOS  |e 20070727  |h 658.3 EVA  |p 005200025757  |q 005200025757  |t BK  |y 0 
901 |a BIBL2-2007-3 
909 |a Χ  |b 131141 
922 |a 2ΕΛΗ  |b 200707  |c ΕΠΕΑΕΚ2/ΚΥΒ  |d ΕΛΕΥΘΕΡΟΥΔΑΚΗΣ 
970 |a ΒΑΡΦΗΣ  |b ΒΑΓΓΕΛΗΣ  |z 2007/09/11